000
00321 a2200109 4500
001
ART_30485
005
20260410162003.0
008
260409a
245
1
0
_a
El nacionalismo y la naturaleza humana
100
1
_a
Montaner, Carlos Alberto
773
0
_t
Foro polĂtico
_g
- Vol. XVII (ago. 1996)
_w
REV30389
999
_c
31457
_d
31457